Introduction to mathematical statistics

Αποθηκεύτηκε σε:
Λεπτομέρειες βιβλιογραφικής εγγραφής
Κύριος συγγραφέας: Schmetterer, Leopold 1919-
Άλλοι συγγραφείς: Wickwire, Kenneth (Μεταφραστής)
Μορφή: Βιβλίο
Γλώσσα:English
German
Δημοσίευση: Berlin : Springer-Verlag, 1974.
Σειρά:Grundlehren der mathematischen wissenschaften ; 202
Θέματα:
Ετικέτες: Προσθήκη ετικέτας
Δεν υπάρχουν, Καταχωρήστε ετικέτα πρώτοι!

MARC

LEADER 00000cam a2200000 i 4500
001 1/30504
008 960708s1974 gw | ||| |||| ||eng||
020 |a 3540061541  
035 |a 1995  |l 10038586 
040 |a GR-MY-UA  |b gre  |e aacr 
041 1 |a eng  |h ger 
082 0 |a 519.5 
100 1 |a Schmetterer, Leopold  |d 1919- 
245 1 0 |a Introduction to mathematical statistics /   |c Leopold Schmetterer ; translated from the german by Kenneth Wickwire.  
260 |a Berlin :   |b Springer-Verlag,   |c 1974.  
300 |a 502 σ. ;   |c 24 εκ.  
490 1 |a (Grundlehren der mathematischen Wissenschaften   |v ; 202)  
500 |a Τίτλος πρωτοτύπου: Einfuhrung in die mathematische statistik 
504 |a Περιέχει βιβλιογραφικές αναφορές και ευρετήριο 
650 0 0 |a Mathematical statistics. 
700 1 |a Wickwire, Kenneth,  |e trl 
830 0 |a Grundlehren der mathematischen wissenschaften ;  |v  202 
852 |a INST  |b SAMOS  |e 19960708  |h 519.5 SCH  |p 005300005142  |q 005300005142  |t BK  |y 0 
909 |a Σ  |b 039291